MESTSKÁ KNIŽNICA GIRALTOVCE  - online katalóg 

Vášnivá láska (Record no. 8096)

000 -NÁVESTIE
fixed length control field 00910nam a2200289 a 4500
008 - ÚDAJE S PEVNOU DĹŽKOU – VŠEOBECNÉ INFORMÁCIE
fixed length control field 060426s2006||||xo g 000 0 slo d
020 ## - MEDZINÁRODNÉ ŠTANDARDNÉ ČÍSLO KNIHY (ISBN)
Medzinárodné štandardné číslo knihy (ISBN) 805511112X
Qualifying information (viaz.)
Údaje o dostupnosti 199
040 ## - ZDROJ KATALOGIZÁCIE
Pôvodná katalogizujúca agentúra SNK
Jazyk katalogizácie slo
Prepisujúca agentúra SNK
Konvencie popisu AACR2
041 1# - KÓD JAZYKA
Kód jazyka textu/zvukovej stopy alebo samostatných nápisov slo
Kód jazyka originálu a/alebo sprostredkujúcich prekladov textu eng
044 ## - KÓD KRAJINY VYDAVATEĽA/PRODUCENTA
Kód krajiny MARC xo
Kód krajiny ISO SK
-- SK
072 #7 - KÓD PREDMETOVEJ KATEGÓRIE
Kód predmetovej kategórie 316.4/.7
Pododdiel kódu predmetovej kategórie Sociálne interakcie
Zdroj konspekt
080 ## - ČÍSLO MEDZINÁRODNÉHO DESATINNÉHO TRIEDENIA (MDT)
Číslo Medzinárodného desatinného triedenia (MDT) 177.61
Identifikátor vydania 2001
080 ## - ČÍSLO MEDZINÁRODNÉHO DESATINNÉHO TRIEDENIA (MDT)
Číslo Medzinárodného desatinného triedenia (MDT) 316.472.42
Identifikátor vydania 2001
080 ## - ČÍSLO MEDZINÁRODNÉHO DESATINNÉHO TRIEDENIA (MDT)
Číslo Medzinárodného desatinného triedenia (MDT) (0.062)
Identifikátor vydania 2001
080 ## - ČÍSLO MEDZINÁRODNÉHO DESATINNÉHO TRIEDENIA (MDT)
Číslo Medzinárodného desatinného triedenia (MDT) 316.346.2
Identifikátor vydania 2001
080 ## - ČÍSLO MEDZINÁRODNÉHO DESATINNÉHO TRIEDENIA (MDT)
Číslo Medzinárodného desatinného triedenia (MDT) 173
Identifikátor vydania 2001
100 1# - OSOBNÉ MENÁ – VŠEOBECNÉ INFORMÁCIE
Osobné meno Cox, Tracey
240 10 - UNIFIKOVANÝ NÁZOV
Unifikovaný názov Hot love how to get it
Jazyk diela Slovensky
245 10 - NÁZOV
Názov Vášnivá láska
Údaj o zodpovednosti atď. Tracey Coxová ; [z anglického originálu preložil Martin Štulrajter]
250 ## - ÚDAJ O PORADÍ VYDANIA
Údaj o poradí vydania [1. vyd.]
260 ## - VYDAVATEĽSKÉ ÚDAJE, DISTRIBÚCIA ATĎ.
Miesto publikovania, distribúcie atď. Bratislava
Názov vydavateľa, distibútora atď. Ikar
Dátum publikovania, distribúcie atď. 2006
300 ## - FYZICKÝ POPIS
Rozsah 152 s.
Rozmery 21 cm
650 07 - PRIDANÝ VSTUP – PREDMET – TEMATICKÉ HESLO
Tematické heslo alebo geografický názov ako vstupný prvok muži a ženy
Zdroj hesla alebo termínu SNKPH
650 07 - PRIDANÝ VSTUP – PREDMET – TEMATICKÉ HESLO
Tematické heslo alebo geografický názov ako vstupný prvok partnerské vzťahy
Zdroj hesla alebo termínu SNKPH
700 1# - PRIDANÝ VSTUP – OSOBNÉ MENO
Osobné meno Štulrajter, Martin
Kód roly trl
765 0# - VÄZBA NA PÔVODNÝ JAZYK
Záhlavie hlavného vstupu Hot love how to get it. Slovensky ; Cox, Tracey
Holdings
Stav stiahnutia (Blokovanie) (Withrawn status) Stav straty Zdroj klasifikácie pre skladovanie Stav poškodenia (Damaged status) Nie pre výpožičky (Not for loan) Spôsob nadobudnutia (Collection code) Trvalé umiestnenie Aktuálne umiestnenie Dátum nadobudnutia Náklady, bežná kúpna cena Inventárne číslo (prírastkové číslo) Celkom výpožičky Full call number Čiarový kód Dátum posledného výskytu Dátum poslednej výpôžičky Cena s účinnosťou od Typ jednotky Koha
          Kúpa Mestská knižnica Giraltovce Mestská knižnica Giraltovce 2019-11-29 199.00 07569 2 B1771 B1771 2023-08-08 2023-06-30 2019-11-29 Krásna literatúra pre dospelých

Powered by Koha